000 00634nam a2200265Ia 4500
005 20260121161411.0
008 008 260114s9999 xx 000 0 eng d
020 _a9780429039935
037 _aEBOOK
040 _aCRL
040 _beng
040 _cCRL
041 _2eng
041 _aeng
084 _qCRL
100 _aA Question Of Discipline
_91044174
245 0 _aJoyce E. Canaan
260 _bTaylor and Francis
260 _c1997
650 _aEducation Studies
_91044175
856 _uhttp://www.taylorfrancis.com/books/9780429039935
942 _cEBOOK
999 _c1610494
_d1610494